Chọn lọc và hướng dẫn giải bài tập di truyền học

Sách bao gồm 16 chương và được chia làm 3 phần: Tóm tắt cách giải, trong đó hướng dẫn cách nhận biết quy luật di truyền hoặc suy luận để tìm ra cơ chế cho những tình huống phổ biến nhất từ khi kết quả thu được trong các thí nghiệm cụ...

Cijeli opis

Spremljeno u:
Bibliografski detalji
Glavni autor: Đỗ, Lê Thăng
Format: Knjiga
Jezik:Undetermined
Izdano: Hà Nội Giáo dục 2007
Teme:
Oznake: Dodaj oznaku
Bez oznaka, Budi prvi tko označuje ovaj zapis!
Thư viện lưu trữ: Trung tâm Học liệu Trường Đại học Cần Thơ
LEADER 01381nam a2200205Ia 4500
001 CTU_122708
008 210402s9999 xx 000 0 und d
020 |c 32500 
082 |a 576.5 
082 |b Th116 
100 |a Đỗ, Lê Thăng 
245 0 |a Chọn lọc và hướng dẫn giải bài tập di truyền học 
245 0 |c Đỗ Lê Thăng, Hoàng Thị Hòa, Nguyễn Thị Hồng Vân 
260 |a Hà Nội 
260 |b Giáo dục 
260 |c 2007 
520 |a Sách bao gồm 16 chương và được chia làm 3 phần: Tóm tắt cách giải, trong đó hướng dẫn cách nhận biết quy luật di truyền hoặc suy luận để tìm ra cơ chế cho những tình huống phổ biến nhất từ khi kết quả thu được trong các thí nghiệm cụ thể; Bài tập mẫu, trong đó trình bày các bài tập điển hình và các lập luận để giải quyết vấn đề; Bài tập tự giải, gồm các bài tập đã được chọn lọc, giúp cho người học vận dụng kiến thức vừa học được và phát triển tư duy. 
650 |a Genetics,Di truyền học 
904 |i Giang 
980 |a Trung tâm Học liệu Trường Đại học Cần Thơ